Регионална библиотека "Любен Каравелов" - Русе

Концертино за соло кавал и народен оркестър (Запис номер 349670)

MARC детайли
000 -Лидер
Контролно поле с фиксирана дължина ncm a22 a 4500
003 - Код на организацията, давaща контролен номер
Контролно поле BLK
005 - Дата и час на последна редакция
Контролно поле 20201007040654.0
008 - Елементи от данни с фиксирана дължина
fixed length control field 200327b bu ||||| |||| 00| 0 bu d
040 ## - Източник на каталожния запис
Идентификатор на билиотеката - собственик на записа BLK
041 ## - Код за език
Код за езика на текст/звукозапис или на отделно заглавие Български
Код за езика КДБФ Български
080 ## - УДК
Текстов определител УДК Други духови инструменти - алпийски рог, кавал и др.
УДК код - определител по УДК 788.9
УДК - код + определител 788.9
100 ## - Редна дума - Автор
Автор Кутев, Филип Тенев
Авторска отговорност първи автор
R(LIN) 1299
139 ## - Редно поле
Редна дума Кутев, Филип Тенев
Авторски знак Ку - К 93
245 ## - Сведения за заглавието
Заглавие Концертино за соло кавал и народен оркестър
Подзаглавни данни Нотирана музика
Редно поле (дума) Филип Кутев
260 ## - Област на издателските данни
9 (RLIN) 209548
Място на издаване, разпространение и проч. София
Име на издателя, разпространителя и проч. Наука и изкуство
Година на издаване 1971
300 ## - Физическа характеристика
Страници 1 партитура (36 с.)
Размери/Мащаб 37 см
380 ## - Жанр
Жанр Изкуство
500 ## - Общи забележки
Забележка 236 тир.
852 ## - Местоположение
Форматна сигнатура М ІІ 5744
999 ## - СИСТЕМНИ КОНТРОЛНИ НОМЕРА
Koha biblionumber 349670
Koha biblioitemnumber 349670
942 ## - АРТИКУЛИ
Вид на библиотечния материал Нотни издания
Скрит в OPAC Не
Периодичен библиозапис Да
944 ## - СЪЗДАВАНЕ И РЕДАКЦИЯ на ЗАПИСА
Създаване/Редакция Създаване
Дата на регистрацията/редакция 2020-03-27
Статус, дата на статуса 2020-03-27
999 ## - СИСТЕМНИ КОНТРОЛНИ НОМЕРА
Koha biblioitemnumber 349670
999 ## - СИСТЕМНИ КОНТРОЛНИ НОМЕРА
Koha biblioitemnumber 349670
999 ## - СИСТЕМНИ КОНТРОЛНИ НОМЕРА
Koha biblioitemnumber 349670
999 ## - СИСТЕМНИ КОНТРОЛНИ НОМЕРА
Koha biblioitemnumber 349669
999 ## - СИСТЕМНИ КОНТРОЛНИ НОМЕРА
Koha biblioitemnumber 349667
999 ## - СИСТЕМНИ КОНТРОЛНИ НОМЕРА
Koha biblioitemnumber 349666
Наличности
Код за отписване Код за изгубен артикул Източник на класификационната схема Код за повреда Коз за рестрикции Код за отдаване Артикулен № Име на библиотеката - собственик Име на библиотеката, в която се намира в момента Статус (Текущо местоположение) Дата на вписване в системата Местоположение - отдел Цена в лева Инвентарен номер Систематично азбучна сигнатура Баркод Цена в евро Служебен тип на артикула
  Не е изгубен Universal Decimal Classification Не е повреден без рестрикции заемане за дома 756861 Регионална библиотека "Любен Каравелов" Русе Регионална библиотека "Любен Каравелов" Русе Отдел Изкуство - подръчен фонд 2020-03-29 Отдел Изкуство - подръчен фонд 1.12 115746 788/К 93 Ф 120000115746 0.57 Нотни издания
  Не е изгубен Universal Decimal Classification Не е повреден без рестрикции заемане за дома 756862 Регионална библиотека "Любен Каравелов" Русе Регионална библиотека "Любен Каравелов" Русе Отдел Изкуство - подръчен фонд 2020-03-29 Отдел Изкуство - подръчен фонд 1.12 105622 788/К 93 Ф 120000105622 0.57 Нотни издания
  Не е изгубен Universal Decimal Classification Не е повреден   ползва се в читалня 770040 Регионална библиотека "Любен Каравелов" Русе Регионална библиотека "Любен Каравелов" Русе Хранилище 2020-05-17 Хранилище 1.12 106393 Цб М ІІ 5744 900000009632 0.57 Нотни издания
Vip Innovations Ltd, Rousse, Bulgaria 2025